Predmetom podnikania bánk sú peniaze, a to je fenomén veľmi plachý
Prezident a.s. Banka Slovakia a predseda jej predstavenstva doc. Ing. Jozef Medveď, CSc., o jej vzniku, poskytovaných službách a strategických zámeroch. Privatizácia slovenských bánk. Reálnosť zámeru Východoslovenských železiarní Košice spojiť päť slovenských bánk, medzi nimi aj Banku Slovakia.
Gespeichert in:
| 1. Verfasser: | |
|---|---|
| Weitere Verfasser: | |
| Format: | Buchkapitel |
| Sprache: | Slowakisch |
| Schlagworte: | |
| Tags: |
Keine Tags, Fügen Sie das erste Tag hinzu!
|
MARC
| LEADER | 00000naa a2200000 4500 | ||
|---|---|---|---|
| 001 | r022136 | ||
| 005 | 20230801110033.1 | ||
| 041 | 0 | |a slo | |
| 044 | |a SK | ||
| 245 | 1 | 0 | |a Predmetom podnikania bánk sú peniaze, a to je fenomén veľmi plachý |c Jozef Medveď, P. Kasalovský |
| 520 | |a Prezident a.s. Banka Slovakia a predseda jej predstavenstva doc. Ing. Jozef Medveď, CSc., o jej vzniku, poskytovaných službách a strategických zámeroch. Privatizácia slovenských bánk. Reálnosť zámeru Východoslovenských železiarní Košice spojiť päť slovenských bánk, medzi nimi aj Banku Slovakia. | ||
| 610 | 2 | 0 | |a Slovensko |
| 610 | 2 | 0 | |a 1996 |
| 610 | 2 | 0 | |a banky |
| 610 | 2 | 0 | |a Banka Slovakia, a.s. Banská Bystrica |
| 610 | 2 | 0 | |a NBS Bratislava |
| 610 | 2 | 0 | |a služby bankové |
| 610 | 2 | 0 | |a VSŽ Košice |
| 100 | 1 | |a Medveď, Jozef | |
| 700 | 1 | |a Kasalovský, P. | |